000 00515nam a2200181Ia 4500
008 090124s9999 xx 000 0 und d
082 _b27462
100 _aशहा सुलभा
245 _a थोर विदुषी
250 _a1
260 _bनीहारा प्रकाशन
_c1988
300 _a64
600 _aशहा सुलभा
630 _a थोर विदुषी
700 _aशहा सुलभा
730 _a थोर विदुषी
942 _cBOOK
999 _c95330
_d95330